00371nam a2200109Ia 4500008004100000100001700041245004400058260006900102300001100171650001100182856006800193160712s9999 xx 000 0 und d aDiaz, Glenn. cGlenn DiazaCrawl Space and Other Poems c2013bLikhaan: The Journal of Contemporary Philippine Literature avol. 7 xPOETRY uhttp://journals.upd.edu.ph/index.php/lik/issue/view/537/showToc